|
|
|
|
| LEADER |
00000cam a2200000 7i4500 |
| 001 |
0000000979 |
| 005 |
20140323.0 |
| 020 |
0 |
0 |
|a 9250036507
|
| 090 |
0 |
0 |
|a FAO338.13
|b FOR 1995
|
| 245 |
0 |
0 |
|a FOREST products prices .
|l Prix des produits forestiers .
|l Precios de productos forestales 1973-1992 .
|l prepared by Forestry Policy and Planning Division
|
| 260 |
0 |
0 |
|a Rome :
|b Food and Agriculture Organization of the United Nations ,
|c 1995
|
| 300 |
|
|
|a 187 p. ;
|c 30 cm.
|
| 440 |
0 |
0 |
|a FAO forestry paper ; 125
|
| 650 |
0 |
0 |
|a Forest products
|x Prices
|x Statistics
|
| 650 |
0 |
0 |
|a Lumber
|x Prices
|x Statistics
|
| 650 |
0 |
0 |
|a Timber
|x Prices
|x Statistics
|
| 650 |
0 |
0 |
|a Wood products
|x Prices
|x Statistics
|
| 710 |
1 |
1 |
|a Food and Agriculture Organization of the United Nations (FAO)
|
| 998 |
|
|
|a JPSM
|
| 999 |
|
|
|a 0000000557
|b Monograph
|c Reference
|e Default branch
|